000 00819cam a2200265 i 4500
001 000014310
005 20200929163552.0
008 780309s1973 cr b 000 0 spa
010 _a77576965
040 _aDO-SdBNP
_cDLC
_dDLC
043 _anccr---
050 0 0 _aHG2734
_b.F3 1973
100 1 _aFacio, Rodrigo.
_932268
245 1 3 _aLa moneda y la banca central en Costa Rica /
_cRodrigo Facio.
250 _a2. ed.
260 _a[San Jose] :
_bEditorial Costa Rica,
_c1973.
300 _a333 p. ;
_c21 cm.
490 0 _aObras de Rodrigo Facio ; 2
504 _aIncludes bibliographical references.
650 0 _aBanks and banking
_zCosta Rica.
_932269
650 0 _aBanking law
_zCosta Rica.
_932270
650 0 _aMoney
_zCosta Rica.
_932271
610 2 0 _aBanco Nacional de Costa Rica.
_932272
910 _aDC
999 _c13906
_d13906